Visualizzazione normale
Vista MARC
- Giuseppe Ricciotti
di Personal Name
Records bibliografici associati: 1
001 - CONTROL NUMBER
- control field: 36280
003 - CONTROL NUMBER IDENTIFIER
- control field: IT-RoPau
005 - DATE AND TIME OF LATEST TRANSACTION
- control field: 20151016224135.0
008 - FIXED-LENGTH DATA ELEMENTS
- fixed length control field: 151016|| aca||aabn | a|a d
040 ## - CATALOGING SOURCE
- Original cataloging agency: IT-RoPau
- Transcribing agency: IT-RoPau
100 ## - HEADING--PERSONAL NAME
- Personal name: Giuseppe Ricciotti
670 ## - SOURCE DATA FOUND
- Source citation: Work cat.: (IT-RoPau)36015: Giuseppe Ricciotti, Paolo Apostolo. Biografia con introduzione critica e Illustrazioni V Edizione - 23° migliaio